000 00223 a2200097 4500
001 55259
100 _a
245 _aNai manzalon ka rahi
260 _aRawelpendi
_bZyzzyua Publishing
_c2005
090 _c34222
_d34222
942 _aNUST-CAE
_cMONOGRAPH
_c26917
999 _c290332
_d290332